SQL Server.№7(151). (ბიბ.ჩანაწერი № 40967)
[ მარტივი ფორმატი ]
| 000 -LEADER | |
|---|---|
| fixed length control field | 00347nam a2200145Ia 4500 |
| 001 - CONTROL NUMBER | |
| control field | 7615 |
| 003 - CONTROL NUMBER IDENTIFIER | |
| control field | GE_BSU |
| 008 - FIXED-LENGTH DATA ELEMENTS--GENERAL INFORMATION | |
| fixed length control field | 181216s||||||||xx |||||||||||||| ||und|| |
| 040 ## - CATALOGING SOURCE | |
| Transcribing agency | GE_BSU |
| 245 ## - TITLE STATEMENT | |
| Title | SQL Server.№7(151). |
| 245 ## - TITLE STATEMENT | |
| Remainder of title | Журнал для професионалов. |
| 300 ## - PHYSICAL DESCRIPTION | |
| Extent | 23ст,28см. |
| 653 ## - INDEX TERM--UNCONTROLLED | |
| Uncontrolled term | SQL Server. |
| 942 ## - ADDED ENTRY ELEMENTS (KOHA) | |
| Koha item type | პერიოდიკა |
| Withdrawn status | Lost status | Damaged status | Not for loan | Date acquired | Barcode | Date last seen | Price effective from | Koha item type |
|---|---|---|---|---|---|---|---|---|
| 2018-12-17 | p75746 | 2018-12-17 | 2018-12-17 | პერიოდიკა |
